Der Geheimnisvolle; (Record no. 1628)

MARC details
000 -LEADER
fixed length control field 00559cam a22002051 4500
001 - CONTROL NUMBER
control field af 47002244
003 - CONTROL NUMBER IDENTIFIER
control field DLC
005 - DATE AND TIME OF LATEST TRANSACTION
control field 20260227110813.0
008 - FIXED-LENGTH DATA ELEMENTS--GENERAL INFORMATION
fixed length control field 890401s1941 gw 000 1 ger c
010 ## - LIBRARY OF CONGRESS CONTROL NUMBER
LC control number af 47002244
035 ## - SYSTEM CONTROL NUMBER
System control number (OCoLC)19485960
040 ## - CATALOGING SOURCE
Original cataloging agency Yale Univ. Library
Transcribing agency CU
Modifying agency DLC
042 ## - AUTHENTICATION CODE
Authentication code premarc
050 00 - LIBRARY OF CONGRESS CALL NUMBER
Classification number PT2603.Y4
Item number G4
082 ## - DEWEY DECIMAL CLASSIFICATION NUMBER
Classification number 833.91
100 1# - MAIN ENTRY--PERSONAL NAME
Personal name Byern, Heinz Alfred von,
Dates associated with a name 1885-1940.
245 14 - TITLE STATEMENT
Title Der Geheimnisvolle;
Statement of responsibility, etc. Roman von Heinz Alfred von Byern.
260 ## - PUBLICATION, DISTRIBUTION, ETC.
Place of publication, distribution, etc. München,
Name of publisher, distributor, etc. F.C. Mayer,
Date of publication, distribution, etc. 1941.
300 ## - PHYSICAL DESCRIPTION
Extent 134 p.
Dimensions 20 cm.

No items available.

Powered by Koha